Architectural drawing and light construction (Record no. 3357)

MARC details
000 -LEADER
fixed length control field 00348nam a22001337a 4500
008 - FIXED-LENGTH DATA ELEMENTS--GENERAL INFORMATION
fixed length control field 250507b |||||||| |||| 00| 0 eng d
020 ## - INTERNATIONAL STANDARD BOOK NUMBER
ISBN 9780135117361
100 ## - MAIN ENTRY--AUTHOR
Author Philip A. Grau III
245 ## - TITLE STATEMENT
Title Architectural drawing and light construction
260 ## - PUBLICATION, DISTRIBUTION, ETC. (IMPRINT)
Name of publisher Upper Saddle River,
Date of publication 2010
300 ## - COLLATION
Pagination x, 778 p.
942 ## - ADDED ENTRY ELEMENTS (KOHA)
Item type Books
050 ## - LIBRARY OF CONGRESS CALL NUMBER
Classification number NA2700
Item number .G73
Holdings
Source of classification or shelving scheme Not for loan Permanent location Current location Date acquired Accession No. Full call number Barcode. Koha item type
Library of Congress Classification   Samuel Ogbemudia Main Library, University of Abuja Samuel Ogbemudia Main Library, University of Abuja 05/07/2025 2011/43205 NA 2700 .G73 2025-1821 Books